Refrigeración
Saved in:
| Hovedforfatter: | |
|---|---|
| Format: | Bog |
| Sprog: | spansk |
| Udgivet: |
Barcelona
Ceac
1999
|
| Serier: | Enciclopedia de la Climatización, 1
|
| Fag: | |
| Tags: |
Tilføj Tag
Ingen Tags, Vær først til at tagge denne postø!
|
MARC
| LEADER | 00000nam a2200000 a 4500 | ||
|---|---|---|---|
| 001 | UCM2382 | ||
| 003 | CL-VaPUC | ||
| 008 | 020510e19990000SP |||||||||||||||||spa|d | ||
| 082 | 0 | 4 | |a 621.56 |b RAM |2 21 |
| 100 | 0 | |a Ramírez Miralles, Juan Antonio |e author |9 469088 | |
| 245 | 1 | 0 | |a Refrigeración |
| 300 | |a 411 p | ||
| 942 | |c BK | ||
| 945 | |d 20020510 00:00:00 |a vberengu | ||
| 260 | |a Barcelona |b Ceac |c 1999 | ||
| 500 | |a EJEMPLAR EN PODER DE DOCENTE BEATRIZ CANCINO, POR PROYECTO DE MEJORAMIENTO DE LA CALIDAD DE LA DOCENCIA | ||
| 650 | 0 | |a Conservación de los alimentos |9 259337 | |
| 650 | 0 | |a Alimentos |9 256203 | |
| 650 | 0 | |a Carne |9 259507 | |
| 650 | 7 | |a CONSERVACION DE CARNES |2 CL-VaPUC |9 469089 | |
| 650 | 0 | |a Frutas |9 259500 | |
| 650 | 7 | |a CONSERVACION DE FRUTAS |2 CL-VaPUC |9 404745 | |
| 650 | 7 | |a CONGELACION |2 CL-VaPUC |9 344459 | |
| 650 | 7 | |a INGENIERIA DE LA REFRIGERACION |2 CL-VaPUC |9 350551 | |
| 650 | 7 | |a CAMARAS FRIGORIFICAS |2 CL-VaPUC |9 426719 | |
| 650 | 0 | |a Verduras |x Conservación |9 469090 | |
| 650 | 0 | |a Verduras |9 350549 | |
| 650 | 0 | |a Compresores |9 259361 | |
| 583 | |a last modification |c 20020510 00:00:00 |k Rodrigo Vera | ||
| 490 | 0 | |a Enciclopedia de la Climatización, 1 | |
| 999 | |c 300233 |d 300231 | ||
| 952 | |0 0 |1 0 |4 0 |6 621_560000000000000_RAM_1999 |7 0 |8 A |9 357733 |a BIBALI |b BIBALI |c GEN |d 2019-11-21 |i 3813665 |o 621.56 RAM 1999 |p 3813665 |r 2025-01-20 |w 2019-11-21 |y BK |k ALI | ||
| 952 | |0 0 |1 0 |4 0 |6 621_560000000000000_RAM_1999 |7 0 |8 A |9 357734 |a BIBING |b BIBING |d 2019-11-21 |i 3842355 |o 621.56 RAM 1999 |p 3842355 |r 2025-01-20 |w 2019-11-21 |y BK |k EIQ | ||
| 952 | |0 0 |1 0 |4 0 |6 621_560000000000000_RAM_1999 |7 0 |8 A |9 357735 |a BIBALI |b BIBALI |c GEN |d 2019-11-21 |i 3899942 |o 621.56 RAM 1999 |p 3899942 |r 2025-01-20 |w 2019-11-21 |y BK |k ALI | ||